1070 1829 1960 1616 1249 1622 1553 1120 1118 1486 1589 1363 1392 1098 1143 1996 1577 1456 1281 1573 1495 1216 1718 1269 1619 1048 1443 1471 1001 1279 1641 1359 1098 1754 1887 1910 1522 1430 1462 1076 1455 1288 1537 1734 1328 1682 1287 1187 1856 1766 1267 1124 1802 1029 1253 1344 1231 1607 1392 1305 1353 1690 1028 1026 1819 1627 1467 1876 1305 1531 1011 1267 1508 1010 1213 1621 1303 1206 1188 1217 1023 1092 1595 1759 1874 1459 1165 1127 1599 1574 1454 1378 1506 1090 1818 1702 1151 1332 1763 BCNSPRNW ULIB Ver.6.0+V

เปลี่ยนเป็นภาษาไทย

Change to English
 แสดงรายละเอียดบรรณานุกรม
  กลับหน้าหลัก

Brief Record : Get Marc (ISO 2709) : E-mail record : QR code < ปิดหน้าต่าง
LEADER : 00000nam 2200000uu 4500
001    13399128727
003     ULIB
008    240814s2566||||th 000 0 tha d
020    ^a9789740342380
060 04 ^aWY159^bจ337ก
100 0  ^aจารุวรรณ สนองญาติ
245 10 ^aการพยาบาลเด็กโรคมะเร็งที่พบบ่อย /^cจารุวรรณ สนองญาติ
250    ^aพิมพ์ครั้งที่ 1
260    ^aกรุงเทพฯ :^bสำนักพิมพ์จุฬาลงกรณ์มหาวิทยาลัย,^c2566
300    ^a124 หน้า :^bภาพประกอบ ;^c26 ซม.
650  4 ^aการพยาบาลกุมารเวชศาสตร์
650  4 ^aเด็ก, โรค^xการพยาบาล
650  4 ^aมะเร็งในเด็ก
650  4 ^aมะเร็งในเด็ก^xการพยาบาล
945    ^p240^l0^i010400
945    ^p240^l0^i010401
945    ^p240^l0^i010402
999    ^aประนอม เกษจรัล
รายการนี้ยังไม่มีแท็ก
คุณยังไม่ได้ล็อกอิน คุณสามารถมีกิจกรรมร่วมกับเว็บไซต์ได้ แต่ต้องล็อกอินก่อน ::
  ล็อกอิน

รายการสื่อสารสนเทศ

ลำดับที่ ประเภท เลขเรียก/บาร์โค้ด สถานที่ สถานะ
1. Book การพยาบาล
หนังสือสำรอง
สถานะ=หนังสือสำรอง
WY159 จ337ก ฉ.1 
  Barcode: 010400
ห้องสมุดวิทยาเขตสวรรค์ประชารักษ์
►หนังสือทั่วไป
บนชั้น
2. Book การพยาบาล
Book การพยาบาล
WY159 จ337ก ฉ.2 
  Barcode: 010401
ห้องสมุดวิทยาเขตสวรรค์ประชารักษ์
►หนังสือทั่วไป
บนชั้น
3. Book การพยาบาล
Book การพยาบาล
WY159 จ337ก ฉ.3 
  Barcode: 010402
ห้องสมุดวิทยาเขตสวรรค์ประชารักษ์
►หนังสือทั่วไป
บนชั้น

รายการใกล้เคียง
    ผู้แต่ง [จารุวรรณ สนองญาติ]

    หัวเรื่อง [การพยาบาลกุมารเวชศาสตร์]
    หัวเรื่อง [มะเร็งในเด็ก]

BibComment


ยังไม่เคยถูกคอมเมนท์

คอมเมนท์ทรัพยากรรายการนี้
  คอมเมนท์: การพยาบาลเด็กโรค..


 Copyright 2026. Bcnsprnw @Library